000 00666nam a2200229 a 4500
999 _c169
_d169
001 169
003 BD-JhCC
005 20171002124113.0
008 171001s2005 xxu |||| |a|| 000 0 ben d
020 _a9844018420
035 _a(BD-JhCC)169
040 _aBD-JhCC
_dBD-JhCC
041 _aben
082 _a917.1
_bBNU 2005
100 _aবানু, আখতার
245 _aহাজার দ্বীপের দেশে /
_cআখতার, বানু
260 _aঢাকাঃ
_bআগামী প্রকাশনী ,
_c২০০৫
300 _a১২৭ পৃ.:
_c21 Cm.
651 _aCanada
_xTravel
942 _2ddc
_cBK